000 00496cam a2200181ua 4500
001 2078
008 110804n ii |||gr||||Z||||||eng
040 _cMAIN
082 _a370.9
100 _aBereday, George Z. F. ,
_eAuthor.
245 1 _aComparative methods in education
_cby George Z. F. Bereday
250 _a1st.
260 _acalcutta:
_bOxford & ibh publishing co.,967.
300 _axii; 302p:
_c23cm.
653 _aEducation
653 _aComparative methods in education
942 _cBK
999 _c1948
_d1948